Biggest Cities By Area Quiz - Statistics

General Stats
  • This quiz has been taken 121 times
    115 since last reset
  • The average score is 24 of 50
Answer Stats
Area (km²) Urban Area % Correct
8,683 New York City
90%
4,320 Los Angeles
87%
6,993 Tokyo
86%
1,623 London
80%
5,498 Chicago
74%
2,150 Moscow
74%
2,723 Paris
74%
1,295 Delhi
68%
2,072 Mexico City
67%
1,968 São Paulo
67%
3,355 Houston
66%
3,644 Dallas
65%
1,365 San Francisco
65%
4,497 Boston
63%
1,580 Rio de Jeneiro
63%
2,891 Miami
59%
1,295 Cairo
58%
1,360 Jakarta
58%
2,266 Buenos Aires
56%
4,661 Philadelphia
56%
5,083 Atlanta
55%
1,687 Sydney
55%
1,655 Toronto
55%
2,470 Seattle
54%
2,996 Washington D.C.
53%
2,069 Phoenix
48%
2,026 San Diego
48%
1,399 Manila
47%
3,267 Detroit
46%
2,564 Osaka
46%
2,080 Melbourne
43%
1,740 Montreal
43%
2,396 Johannesburg
41%
2,316 Minneapolis
36%
1,554 Milan
34%
1,676 Cleveland
31%
1,603 Brisbane
30%
1,768 Baltimore
28%
1,740 Cincinnati
27%
2,875 Nagoya
26%
21,47 St. Louis
26%
1,514 Kansas City
25%
2,208 Pittsburgh
23%
1,432 Indianapolis
21%
1,606 Kuala Lumpur
21%
1,364 Virginia Beach
8%
2,642 Essen
6%
1,304 Providence
4%
2,078 Tampa Bay
3%
2,309 San Juan
0%
No matching quizzes found
Score Distribution
Percent of People with Each Score
Percentile by Number Answered
Your Score History
You have not taken this quiz since the last reset